CRAZY TIMES WITH UNCLE KEN (Record no. 8181)

MARC details
000 -LEADER
fixed length control field 00300nam a2200133Ia 4500
008 - FIXED-LENGTH DATA ELEMENTS--GENERAL INFORMATION
fixed length control field 260604s9999 xx 000 0 und d
020 ## - INTERNATIONAL STANDARD BOOK NUMBER
International Standard Book Number 9780143334781
082 ## - DEWEY DECIMAL CLASSIFICATION NUMBER
Classification number 823.914 BON
100 ## - MAIN ENTRY--PERSONAL NAME
Personal name BOND
9 (RLIN) 35378
245 #0 - TITLE STATEMENT
Title CRAZY TIMES WITH UNCLE KEN
260 ## - PUBLICATION, DISTRIBUTION, ETC.
Name of publisher, distributor, etc. PEN
500 ## - GENERAL NOTE
General note Uncle Ken
942 ## - ADDED ENTRY ELEMENTS (KOHA)
Koha item type Book
Holdings
Date last seen Total Checkouts Full call number Barcode Cost, replacement price Price effective from Koha item type Lost status Damaged status Not for loan Withdrawn status Home library Current library Shelving location Date acquired Cost, normal purchase price BOOK NO
06/04/2026   823.914 BON 003799 250.00 06/04/2026 Book         Indian Institute of Management Visakhapatnam Indian Institute of Management Visakhapatnam   06/04/2026 250.00 BON

Copyright © 2024 Indian Institute of Management Visakhapatnam
Koha v23.05